[Event "ch-CZE"]
[Site "Ostrava CZE"]
[Date "2002.05.26"]
[Round "11"]
[White "Jirovsky, M."]
[Black "Kalod, R."]
[Result "1-0"]
[WhiteElo "2446"]
[BlackElo "2472"]
[PlyCount "159"]
[EventDate "2002.05.16"]
[Source "Mark Crowther"]
[SourceDate "2002.05.27"]

1. Nf3 Nf6 2. c4 c5 3. Nc3 g6 4. g3 b6 5. Bg2 Bb7 6. O-O Bg7 7. d4 cxd4 8. Qxd4
d6 9. Rd1 Nbd7 10. Be3 Rc8 11. Rac1 O-O 12. Qh4 Re8 13. b3 Qc7 14. Bh3 Qb8 15.
g4 Nf8 16. Bd4 Bxf3 17. exf3 h6 18. Be3 g5 19. Qg3 Ng6 20. f4 gxf4 21. Bxf4
Nxf4 22. Qxf4 Rc5 23. Bg2 a6 24. a4 a5 25. h3 Rd8 26. Rd3 Rf8 27. Rcd1 Re5 28.
Qg3 Re8 29. f4 Rc5 30. Qh4 d5 31. g5 dxc4 32. gxf6 cxd3 33. fxg7 Qd6 34. Ne4
Qd4+ 35. Kh1 Rc2 36. Qxh6 Qxg7 37. Qxg7+ Kxg7 38. Rxd3 Rec8 39. f5 Re2 40. Rg3+
Kf8 41. h4 Rcc2 42. Rg4 Re1+ 43. Kh2 Rf1 44. f6 exf6 45. Kh3 Rf5 46. Rg3 Ke7
47. Nc3 Re5 48. Nd5+ Ke6 49. Rd3 f5 50. Nxb6 f4 51. Nc4 Rc5 52. Be4 Re2 53. Bf3
Rc2 54. Kg4 Rh2 55. h5 Rhxh5 56. Kxf4 Rh4+ 57. Ke3 f5 58. Rd6+ Ke7 59. Ra6 Kd7
60. Kd3 Rh3 61. Kd4 Rxc4+ 62. Kxc4 Rxf3 63. Rxa5 Kc6 64. Ra6+ Kb7 65. Rf6 f4
66. b4 Ra3 67. Kb5 f3 68. Rf7+ Kb8 69. Kb6 Kc8 70. a5 Re3 71. Rf8+ Kd7 72. a6
Re6+ 73. Ka5 Re3 74. a7 f2 75. Rxf2 Ra3+ 76. Kb6 Kd6 77. b5 Kd5 78. Rf8 Kc4 79.
a8=Q Rxa8 80. Rxa8 1-0

[Event "ch-CZE"]
[Site "Ostrava CZE"]
[Date "2002.05.26"]
[Round "11"]
[White "Chytilek, R."]
[Black "Konopka, M."]
[Result "0-1"]
[WhiteElo "2390"]
[BlackElo "2468"]
[PlyCount "108"]
[EventDate "2002.05.16"]
[Source "Mark Crowther"]
[SourceDate "2002.05.27"]

1. e4 d5 2. exd5 Qxd5 3. Nc3 Qa5 4. d4 c6 5. Nf3 Nf6 6. Bc4 Bf5 7. Bd2 e6 8.
Qe2 Bb4 9. O-O-O Nbd7 10. a3 Nb6 11. Bb3 Bxc3 12. Bxc3 Qb5 13. Qxb5 cxb5 14. d5
Nbxd5 15. Bxd5 Nxd5 16. Bxg7 Rg8 17. Be5 Rxg2 18. Nd4 Bg6 19. Bg3 a6 20. Rde1
Rc8 21. h4 b4 22. axb4 Nxb4 23. Re2 h5 24. Rd1 Nd3+ 25. Kb1 Nc5 26. Rde1 b5 27.
Ka2 b4 28. b3 a5 29. Nb5 Kf8 30. Nd6 Rc6 31. Nc4 Na4 32. Rd2 Nc3+ 33. Kb2 Ne4
34. Rd8+ Ke7 35. Ne5 Rxc2+ 36. Kxc2 Nxg3+ 37. Nxg6+ Kxd8 38. Ne5 Rxf2+ 39. Kd3
Ke7 40. Rc1 Kf6 41. Nd7+ Ke7 42. Ne5 Rf5 43. Nc6+ Kd6 44. Nd8 Rd5+ 45. Ke3 Nf5+
46. Kf4 Ke7 47. Nc6+ Kf6 48. Re1 Nxh4 49. Rh1 Ng6+ 50. Ke4 h4 51. Nd4 Rg5 52.
Rf1+ Kg7 53. Nf3 Rg4+ 54. Ke3 f5 0-1

[Event "ch-CZE"]
[Site "Ostrava CZE"]
[Date "2002.05.26"]
[Round "11"]
[White "Blatny, P."]
[Black "Navara, David"]
[Result "1-0"]
[WhiteElo "2444"]
[BlackElo "2543"]
[PlyCount "61"]
[EventDate "2002.05.16"]
[Source "Mark Crowther"]
[SourceDate "2002.05.27"]

1. e4 c5 2. Nf3 e6 3. b3 d6 4. Bb2 Nf6 5. Bb5+ Nbd7 6. e5 dxe5 7. Nxe5 Bd6 8.
Nxd7 Bxd7 9. Qe2 O-O 10. Nc3 a6 11. Bxd7 Nxd7 12. Ne4 Be5 13. Bxe5 Nxe5 14. O-O
Qd5 15. Rfe1 Nc6 16. Qc4 Nd4 17. Rac1 Qxc4 18. bxc4 Rfc8 19. c3 Nc6 20. Rb1 Na5
21. d3 Rc6 22. Kf1 Kf8 23. Ke2 Ke7 24. Rb2 g5 25. Reb1 f5 26. Rxb7+ Nxb7 27.
Rxb7+ Kf8 28. Rxh7 Rd8 29. Nxg5 Rcd6 30. Rb7 R8d7 31. Rxd7 1-0